| 000 | 00673nam a2200181 i 4500 | ||
|---|---|---|---|
| 001 | 20374 | ||
| 003 | ES-MaACL | ||
| 005 | 20250805063225.0 | ||
| 007 | t| | ||
| 008 | 021112s1978 sp ||||1| spa d | ||
| 100 | 1 |
_aAgulló y Cobo, Mercedes, _d1925-2019 _918903 |
|
| 245 | 1 | 0 |
_aDocumentos sobre escultores, entalladores y ensambladores de los siglos XVI al XVIII / _cMercedes Agulló y Cobo. |
| 260 |
_aValladolid : _bUniversidad, Departamento de Historia del Arte, _c1978. |
||
| 300 |
_a225 p. ; _c25 cm. |
||
| 710 | 2 |
_aUniversidad de Valladolid. _bDepartamento de Historia del Arte. _97339 |
|
| 852 |
_aES-MaACL _jA-10096 _bR.99208 |
||
| 999 |
_c20374 _d20374 |
||